[Event "Calgary 14th"]
[Site "Calgary"]
[Date "2023.12.27"]
[Round "2"]
[White "Srinivasan, Hemant"]
[Black "Soberov, Emil"]
[Result "0-1"]
[WhiteElo "2020"]
[BlackElo "2120"]
[PlyCount "96"]
[EventDate "2023.12.26"]
[EventType "swiss"]
[EventRounds "9"]
[EventCountry "CAN"]
[SourceTitle "CB02_2024"]
[SourceDate "2024.01.10"]
[SourceVersion "1"]
[SourceVersionDate "2024.01.10"]
[SourceQuality "1"]

1. d4 Nf6 2. c4 e6 3. Nc3 Bb4 4. e3 c5 5. Nge2 0-0 6. a3 cxd4 7. exd4 Be7 8. Nf4 b6 9. Bd3 Bb7 10. 0-0 d6 11. Re1 Nbd7 12. Qe2 Re8 13. d5 e5 14. Nh3 Nc5 15. Bc2 a5 16. Be3 Bc8 17. b4 Na6 18. Na4 Rb8 19. Rab1 axb4 20. axb4 b5 21. cxb5 Nc7 22. Nb6 Ncxd5 23. Nxd5 Nxd5 24. Qd3 Nf6 25. Ba7 e4 26. Qe3 Rb7 27. Bd4 d5 28. b6 Ng4 29. Qd2 Bd6 30. f3 Ne5 31. f4 Nc4 32. Qc3 Bxh3 33. Qg3 f5 34. Qxh3 Bxf4 35. Ba4 Rf8 36. Bc5 Rf6 37. Rf1 g5 38. Kh1 Nd2 39. Bd4 Rg6 40. Qxf5 Rf7 41. Qg4 Nxb1 42. Rxb1 Qf8 43. Bd7 h5 44. Qxh5 Rh6 45. Qg4 Qd6 46. Bf5 Rxh2+ 47. Kg1 Rh4 48. Rc1 Bxc1 0-1

[Event "Wch FIDE Online U14 America qual"]
[Site "Tornelo INT"]
[Date "2020.12.02"]
[Round "2"]
[White "Barja Viveros, Matias Ariel"]
[Black "Srinivasan, Hemant"]
[Result "1-0"]
[WhiteElo "1579"]
[BlackElo "1717"]
[PlyCount "87"]
[EventDate "2020.12.01"]
[EventType "swiss (rapid)"]
[EventRounds "7"]
[EventCountry "ISS"]
[SourceTitle "EXT 2022"]
[Source "ChessBase"]
[SourceDate "2021.10.06"]
[SourceVersion "1"]
[SourceVersionDate "2021.10.06"]
[SourceQuality "1"]

1. e4 c6 2. d4 d5 3. exd5 cxd5 4. c4 Nf6 5. Nc3 e6 6. Nf3 Nc6 7. c5 Be7 8. a3 a5 9. Bb5 0-0 10. 0-0 Qc7 11. Re1 b6 12. Bxc6 Qxc6 13. Ne5 Qb7 14. c6 Qa6 15. a4 Bb4 16. f3 Ne8 17. Bd2 Nd6 18. Qe2 Nf5 19. Nb5 Bxd2 20. Qxd2 Rb8 21. c7 Rb7 22. Nc6 Bd7 23. Nd8 Bxb5 24. c8Q Nd6 25. Qcc2 Rxd8 26. axb5 Qxb5 27. Qdd3 Qd7 28. Qxh7+ Kf8 29. Qh8+ Ke7 30. Qxg7 Rc7 31. Qcg6 Rf8 32. Q6f6+ Ke8 33. Rac1 Rxc1 34. Rxc1 Nc4 35. b3 Ne3 36. Qf4 Nf5 37. Qb8+ Ke7 38. Qgxf8+ Kf6 39. Qe5+ Kg6 40. Qg8+ Kh5 41. g4+ Kh4 42. Qh7+ Kg5 43. Qg8+ Kh6 44. Qeh8# 1-0

[Event "Canadian op"]
[Site "Regina"]
[Date "2019.07.15"]
[Round "5"]
[White "Demchenko, Kirill"]
[Black "Srinivasan, Hemant"]
[Result "0-1"]
[WhiteElo "2004"]
[BlackElo "1688"]
[PlyCount "42"]
[EventDate "2019.07.12"]
[EventType "swiss"]
[EventRounds "9"]
[EventCountry "CAN"]
[SourceTitle "EXT 2020"]
[Source "ChessBase"]
[SourceDate "2019.10.17"]
[SourceVersion "1"]
[SourceVersionDate "2019.10.17"]
[SourceQuality "1"]

1. e4 c6 2. d4 d5 3. Nc3 dxe4 4. Nxe4 Bf5 5. Ng3 Bg6 6. h4 h6 7. Nf3 Nd7 8. h5 Bh7 9. Bd3 Bxd3 10. Qxd3 e6 11. Bd2 Ngf6 12. Qe2 Be7 13. 0-0-0 Qc7 14. Ne5 c5 15. Rhe1 cxd4 16. Bf4 Nd5 17. Qg4 Nxf4 18. Qxg7 0-0-0 19. Nxf7 Bf6 20. Qg4 Rdg8 21. Qf3 Rh7 0-1

[Event "Canadian op"]
[Site "Regina"]
[Date "2019.07.12"]
[Round "1"]
[White "Wolchock, Theo"]
[Black "Srinivasan, Hemant"]
[Result "1/2-1/2"]
[WhiteElo "2032"]
[BlackElo "1688"]
[PlyCount "53"]
[EventDate "2019.07.12"]
[EventType "swiss"]
[EventRounds "9"]
[EventCountry "CAN"]
[SourceTitle "EXT 2020"]
[Source "ChessBase"]
[SourceDate "2019.10.17"]
[SourceVersion "1"]
[SourceVersionDate "2019.10.17"]
[SourceQuality "1"]

1. e4 c6 2. Nf3 d5 3. Nc3 dxe4 4. Nxe4 Bf5 5. Ng3 Bg6 6. h4 h6 7. Ne5 Bh7 8. Qh5 g6 9. Bc4 e6 10. Qe2 Qe7 11. d4 Nf6 12. Bd2 Nbd7 13. 0-0-0 0-0-0 14. Bf4 Nb6 15. Nxf7 Nxc4 16. Nxd8 Nd5 17. Qxc4 Nxf4 18. Nxc6 bxc6 19. Qxc6+ Qc7 20. Qe8+ Qd8 21. Qc6+ Qc7 22. Qe8+ Qd8 23. Qa4 Qb6 24. Qc4+ Qc7 25. Qa6+ Qb7 26. Qc4+ Qc7 27. Qa6+ 1/2-1/2

[Event "Calgary Kings vs Princes m"]
[Site "Calgary"]
[Date "2019.04.09"]
[Round "1"]
[White "Brebic, B."]
[Black "Srinivasan, Hemant"]
[Result "1/2-1/2"]
[WhiteElo "2225"]
[BlackElo "1888"]
[PlyCount "68"]
[EventDate "2019.04.09"]
[EventType "swiss"]
[EventRounds "4"]
[EventCountry "CAN"]
[SourceTitle "EXT 2022"]
[Source "ChessBase"]
[SourceDate "2021.10.06"]
[SourceVersion "1"]
[SourceVersionDate "2021.10.06"]
[SourceQuality "1"]

1. e4 e5 2. Nf3 Nc6 3. Bb5 Nf6 4. 0-0 Nxe4 5. Re1 Nd6 6. Ba4 Be7 7. Nxe5 Nxe5 8. Rxe5 0-0 9. d4 Nc4 10. Re2 Nb6 11. Bb3 d5 12. h3 Bd6 13. Nd2 Qf6 14. c3 Bf5 15. Bc2 Bxc2 16. Qxc2 Rfe8 17. Nf3 h6 18. b3 Rxe2 19. Qxe2 a5 20. a4 c6 21. Bb2 Rd8 22. c4 Bc7 23. c5 Nd7 24. Re1 Nf8 25. Bc3 Ne6 26. g3 Nxc5 27. dxc5 Qxc3 28. Qe7 Qxf3 29. Qxc7 Rf8 30. Qxb7 Qc3 31. Re7 Qc1+ 32. Kg2 Qxc5 33. Rc7 Qc2 34. Qxc6 Qxb3 1/2-1/2

[Event "CAN-ch U12"]
[Site "Quebec"]
[Date "2018.07.05"]
[Round "7.63"]
[White "Rusonik, Max"]
[Black "Srinivasan, Hemant"]
[Result "1-0"]
[WhiteElo "1999"]
[BlackElo "1468"]
[PlyCount "65"]
[EventDate "2018.07.02"]
[EventType "swiss"]
[EventRounds "7"]
[EventCountry "CAN"]
[SourceTitle "EXT 2022"]
[Source "ChessBase"]
[SourceDate "2021.10.06"]
[SourceVersion "1"]
[SourceVersionDate "2021.10.06"]
[SourceQuality "1"]

1. e4 c5 2. Nf3 g6 3. d4 cxd4 4. Nxd4 Bg7 5. c4 Nc6 6. Be3 d6 7. Nc3 Nf6 8. Be2 0-0 9. 0-0 Bd7 10. Nc2 Rc8 11. f4 a6 12. Rc1 Be8 13. Qd2 Nd7 14. a3 Nc5 15. Rcd1 Bxc3 16. Qxc3 Nxe4 17. Qd3 Nf6 18. f5 Ne5 19. Qd4 Bd7 20. Bh6 Re8 21. Ne3 Nc6 22. Qh4 Qb6 23. fxg6 fxg6 24. Rxf6 exf6 25. Qxf6 Re7 26. c5 Qxc5 27. Bc4+ Qxc4 28. Nxc4 d5 29. Rxd5 Rce8 30. h3 Bxh3 31. Nd6 Bxg2 32. Nxe8 Bxd5 33. Qf8# 1-0

[Event "CAN-ch U12"]
[Site "Quebec"]
[Date "2018.07.04"]
[Round "6.68"]
[White "Srinivasan, Hemant"]
[Black "Ivanescu, Mark"]
[Result "1-0"]
[WhiteElo "1468"]
[BlackElo "1962"]
[PlyCount "53"]
[EventDate "2018.07.02"]
[EventType "swiss"]
[EventRounds "7"]
[EventCountry "CAN"]
[SourceTitle "EXT 2022"]
[Source "ChessBase"]
[SourceDate "2021.10.06"]
[SourceVersion "1"]
[SourceVersionDate "2021.10.06"]
[SourceQuality "1"]

1. d4 Nf6 2. c4 g6 3. Nc3 d6 4. e4 Bg7 5. Nf3 0-0 6. Be2 e5 7. 0-0 Nc6 8. d5 Ne7 9. Ne1 Nd7 10. Nd3 f5 11. b4 a5 12. bxa5 Rxa5 13. a4 Nf6 14. f3 c6 15. Bd2 Ra8 16. Qb3 Qc7 17. c5 cxd5 18. cxd6 Qxd6 19. Nb5 Qb6+ 20. Kh1 fxe4 21. fxe4 Nxe4 22. Bb4 Nf2+ 23. Nxf2 Rxf2 24. Rxf2 Qxf2 25. Bxe7 Qxe2 26. Qxd5+ Kh8 27. Qd8+ 1-0